00000000nam##2200000za#4500
0019.671463
003CaOODSP
00520250319162505
007ta
008150407|2009||||xxc|||||     f|0| 0 eng|d
020 |a978-1-100-50023-2
040 |aCaOODSP|beng
041 |aeng
041 |afre
043 |an-cn---
0861 |aA118-31/2009
1101 |aCanada. |bAgriculture and Agri-Food Canada.
24514|aThe Advance Payments Program (APP) - cash advances for Canadian farmers
260 |aOttawa - Ontario : |bAgriculture and Agri-Food Canada |cc2009.
300 |a1 folded sheet, (English text, [5]p.) : |bphotographs ; |c22 cm.
563 |aPamphlet
590 |a10-21|b2010-05-28
69007|aAgricultural assistance|2gcpds
7760#|tLe Programme de paiements anticipés (PPA) - Avances de fonds pour les agriculteurs canadiens |w(CaOODSP)9.636602
7760#|tThe Advance Payments Program (APP) - cash advances for Canadian farmers |w(CaOODSP)9.692336
792 |tLe Programme de paiements anticipés (PPA) - avances de fonds pour les agriculteurs canadiens |efre|w(CaOODSP)9.671464
986 |aAAFC No. 10974B